Score 0/11 Timer 05:00
0 Plays Today
Status Airport % Correct
CurrentChicago O'Hare International Airport
92.8%
CurrentLos Angeles International Airport
91.4%
CurrentSan Francisco International Airport
90%
CurrentDenver International Airport
86.7%
CurrentWashington Dulles International Airport
82.4%
FormerNew York John F Kennedy International Airport
77.4%
FormerMiami International Airport
73.1%
FormerSeattle International Airport
68.5%
FormerCleveland Hopkins International Airport
53.8%
FormerPortland International Airport
50.9%
FormerTokyo Narita International Airport
21.3%

You're not logged in!

Compare scores with friends on all Sporcle quizzes.
OR
Log In

Sporcle TV

Today on Sporcle TV


Watch our educational content, quiz creation guides, and fun videos on Sporcle TV.

Show Comments

Extras

Top Quizzes Today


Score Distribution

Paid Content

Your Account Isn't Verified!

In order to create a playlist on Sporcle, you need to verify the email address you used during registration. Go to your Sporcle Settings to finish the process.

Report this User

Report this user for behavior that violates our Community Guidelines.

Details: